| 000 | 00582nam a22001817a 4500 | ||
|---|---|---|---|
| 020 | _a969-503-959-6 | ||
| 082 |
_a954 _bLAB |
||
| 100 | _aSyed Ali Bilgrami | ||
| 245 |
_aTamadan-e-Hind/ _cGustave Le Bon |
||
| 260 |
_aLahore: _bAl Faisal Publications, _c2015. |
||
| 300 |
_a374 p _c22cm |
||
| 563 | _aHB. | ||
| 650 |
_aGeneral Knowledge & History - India. _9129734 |
||
| 880 |
_6100-01\(3\r _aسید علی بلگرامی |
||
| 880 |
_6245-02\(03\r _aتمدنِ ہند |
||
| 880 |
_6260-03\(03\r _a:لاہور _bالفیصل پبلیکیشنز _c2015 |
||
| 942 |
_2ddc _cBK |
||
| 999 |
_c614286 _d614286 |
||